000 00621nam a22001937a 4500
003 OSt
005 20260204081853.0
008 260204b |||||||| |||| 00| 0 eng d
020 _a978-971-0445-17-2.
040 _aDWC-Main lib
_cOC
082 _aFil. 490.7 M311m 2007
100 _aMaranan, Mario H.
245 _aMasining na pagpapahayag para sa antas tersyarya
_cMario H. Maranan
260 _aManila :
_bMindshapers Co., Inc.,
_cc2007.
300 _axi, 228 pages ;
_c23 cm.
504 _aIncludes bibliographical references.
650 _a1. Filipino language-Study and teaching.
942 _2ddc
_cBK-FIL
_kFil.
_n0
999 _c8274
_d8274